Euroopan monarkiat - Statistics

Yleistilastot
  • Tätä visaa on pelattu 1 928 kertaa
  • Keskiarvotulos 10 / 12
Vastaustilastot
Valtio % Oikein
Ruotsi
98%
Norja
96%
Yhdistynyt kuningaskunta
93%
Tanska
90%
Espanja
88%
Alankomaat
78%
Belgia
78%
Monaco
77%
Luxemburg
71%
Andorra
68%
Liechtenstein
66%
Vatikaanivaltio
63%
Ehtoja vastaavia visoja ei löytynyt
Tulosjakauma
Jokaisen tuloksen saaneiden osuus
Persentiili vastausten määrän mukaan
Tuloshistoriasi
Et ole pelannut tätä visaa